=LDR 00000nam 2200000 4500 =001 INLIS000000000034377 =005 20130612140304 =008 ***********************************ind** =035 ##$$0010-061300000034377 =041 ##$$a ind =082 ##$$a 665.5 =090 ##$$a 665.5, Kus b =100 ##$$a KUSMAYADI, Andri =245 ##$$a Bahan bakar gas pengganti minyak, Andri Kusumayadi =260 ##$$a 2008 $b Bogor =300 ##$$a iv, 60 hlm, ilus, 21 cm =650 ##$$a Minyak Bumi =850 ##$$a NBPNMAT =990 ##$$a 21601873/BPAP-NTB/2017 =990 ##$$a 21601874/BPAP-NTB/2017